Airlines Serving the Airports of Mexico - Statistics

General Stats
  • This quiz has been taken 103 times
  • The average score is 37 of 72
Answer Stats
Airports Airlines % Correct
CUN | CZM | GDL | MEX | MZT | PVR | SJD | ZIH American Airlines
97%
ACA | AGU | BJX | CUU | CZM | DGO | GDL | HMO | HUX | MID | MLM | MTY | MZT | OAX | PVR | QRO | SLP | TRC | ZCL | ZIH | ZLO American Eagle
97%
CUN | CZM | GDL | MEX | MZT | PVR | SJD | ZIH Delta Air Lines
97%
ACA | AGU | BJX | CJS | CUL | CUN | CUU | GDL | HMO | HUX | MEX | MID | MLM | MTY | OAX | PVR | SJD | TAP | TIJ | TRC | VER | VSA | ZLO Aeroméxico
95%
ACA | AGU | BJX | CEN | CJS | CME | CPE | CTM | CUL | CUN | CUU | DGO | GDL | HMO | HUX | LAP | LMM | MAM | MEX | MID | MLM | MTT | MTY | MZT | NLD | OAX | PBC | PVR | QRO | REX | SJD | SLP | TAM | TAP | TGZ | TIJ | TRC | VER | VSA | ZCL | ZIH Aeroméxico Connect
95%
CUN | CZM | GDL | MEX | MID | PVR | SJD | ZIH United Airlines
92%
ACA | AGU | BJX | CUU | GDL | MLM | MTY | MZT | OAX | PBC | PVR | QRO | SJD | SLP | TAM | VER | ZIH | ZLO United Express
92%
CUN | MEX British Airways
87%
CUN | HUX | MEX | PVR | SJD | ZIH Air Canada
86%
CUN | CZM | MEX | PVR | SJD | ZIH Air Canada Rouge
86%
CUN | MEX Air France
84%
MEX LATAM Brasil
84%
CUN | MEX LATAM Chile
84%
CUN | MEX LATAM Perú
84%
CUN | MEX Avianca
83%
CUN Avianca Costa Rica
83%
MEX Avianca El Salvador
83%
MEX Avianca Perú
83%
CUN | MEX Lufthansa
81%
CUN | CZM | PVR | SJD Southwest Airlines
81%
MEX Emirates
79%
MEX Iberia
78%
MEX KLM
78%
ACA | AGU | BJX | CEN | CJS | CLQ | CTM | CUL | CUN | CUU | CZM | DGO | GDL | HMO | HUX | LAP | LMM | LTO | MEX | MID | MLM | MTY | MXL | MZT | OAX | PBC | PVR | PXM | QRO | SJD | SLP | TAP | TGZ | TIJ | TPQ | TRC | UPN | VER | ZCL | ZIH Volaris
75%
CUN | MEX Volaris Costa Rica
75%
CUN | GDL | LTO | MZT | PVR | SJD | ZIH | ZLO Alaska Airlines
73%
CUN | SJD Spirit Airlines
73%
CUN JetBlue
70%
CUN | PVR Frontier Airlines
68%
CUN | MEX Turkish Airlines
68%
CUN | CZM | HUX | LTO | MID | MZT | PVR | SJD | ZIH | ZLO WestJet
68%
CUN | GDL | MEX | MTY | PVR Copa Airlines
67%
ACA | AGU | BJX | CEN | CJS | CUL | CUN | CUU | DGO | GDL | HMO | HUX | LAP | LMM | MEX | MID | MLM | MTY | MXL | MZT | OAX | PBC | PVR | PXM | QRO | REX | SJD | SLP | TAM | TGZ | TIJ | TLC | TRC | VER | VSA | ZCL | ZIH VivaAerobus
65%
CUN TAP Portugal
62%
MEX Alitalia
60%
CUN Aerolíneas Argentinas
57%
CUN Air Europa
57%
MEX All Nippon Airways
57%
MEX Cubana de Aviación
51%
ACA | CUN | CZM | HUX | PVR Air Transat
49%
CUN GOL
48%
CUN Condor
43%
CUN | CZM | HUX | MZT | PVR | SJD | ZIH Sun Country Airlines
41%
ACA | BJX | CJS | CME | CPE | CTM | CUL | CUN | CUU | CZM | GDL | HMO | HUX | MEX | MID | MTY | MZT | OAX | PQM | PVR | PXM | SJD | TAM | TGZ | TIJ | TLC | TRC | VER | VSA | ZIH Interjet
38%
ACA | CUN | CZM | HUX | MZT | PVR | SJD | ZIH Sunwing Airlines
35%
CUN | PVR | SJD TUI
35%
CUN TUI fly Belgium
35%
CUN TUI fly Deutschland
35%
CUN TUI fly Netherlands
35%
ACA | CLQ | CVM | GDL | HUX | IZT | LZC | MEX | MID | MXL | OAX | PAZ | PBC | PDS | PVR | PXM | SLP | SLW | TAP | TGZ | TPQ | TSL | VER | VSA | ZIH | ZLO Aeromar
30%
CUN | TLC Conviasa
29%
CUN Edelweiss Air
27%
CUN Air Caraïbes
19%
CUN Neos
19%
ACA | AGU | BJX | CUN | CUU | CZM | GDL | HUX | MEX | MID | MTY | MZT | NLD | PBC | PQM | PVR | QRO | SJD | SLP | TGZ | TIJ | ZIH | ZLO Magni
17%
CUN Sky Airline Perú
17%
ACA | AGU | CJS | CME | CUL | CUU | DGO | GDL | HMO | HUX | LMM | LOV | MID | MTY | MXL | MZT | OAX | PVR | QRO | SLP | SLW | TAR | TLC | TRC | VER | ZIH TAR Aerolíneas
17%
CUN evelop!
16%
CUN Wamos Air
16%
CUN | MEX Wingo
16%
CUN | MZT | PVR | SJD Swoop
14%
CEN | CMG | CSL | CUA | CUL | CUU | GDL | GUB | GYM | HMO | ICD | LAP | LMM | LTO | MTY | MXL | MZT | PVR | SJD | TIJ Calafia Airlines
10%
CUN Orbest
10%
CTM | CUN Tropic Air
10%
CEN | CUA | ESE | GUB | GYM | HMO | ICD | LMM | MZT | NOG | PPE | SRL Aéreo Servicio Guerrero
6%
CTM | CUN | CZM | MID | VSA MAYAir
6%
HUX | IZT | OAX | PXM Aerotucán
5%
HUX | OAX | PXM AeroVega
5%
CEN | CUL | CUU | LMM | SJD Aero Pacífico
3%
CUN Blue Panorama Airlines
3%
CUN EasySky
3%
ESE | ICD Aeroservicios Califórnia Pacifico
2%
No matching quizzes found
Score Distribution
Percent of People with Each Score
Percentile by Number Answered
Your Score History
You have not taken this quiz